<?xml version="1.0" encoding="UTF-8"?>
<record
    xmlns:xsi="http://www.w3.org/2001/XMLSchema-instance"
    xsi:schemaLocation="http://www.loc.gov/MARC21/slim http://www.loc.gov/standards/marcxml/schema/MARC21slim.xsd"
    xmlns="http://www.loc.gov/MARC21/slim">

  <leader>00744nam a22001817a 4500</leader>
  <controlfield tag="008">140828t        ck||||| |||| 00| 0 spa d</controlfield>
  <datafield tag="050" ind1="0" ind2="4">
    <subfield code="a">PC4821</subfield>
    <subfield code="b">E85 1991</subfield>
  </datafield>
  <datafield tag="111" ind1="2" ind2=" ">
    <subfield code="a">Encuentro Internacional sobre el espa&#xF1;ol de Am&#xE9;rica </subfield>
    <subfield code="d">(1991 : </subfield>
    <subfield code="c">Bogot&#xE1; Colombia)</subfield>
  </datafield>
  <datafield tag="245" ind1="1" ind2="0">
    <subfield code="a">Presencia y destino :</subfield>
    <subfield code="b">el espa&#xF1;ol de Am&#xE9;rica hacia el siglo XXI / </subfield>
    <subfield code="c">Encuentro Internacional sobre el Espa&#xF1;ol de Am&#xE9;rica</subfield>
  </datafield>
  <datafield tag="246" ind1=" " ind2=" ">
    <subfield code="a">Espa&#xF1;ol de Am&#xE9;rica hacia el siglo XXI</subfield>
  </datafield>
  <datafield tag="250" ind1=" " ind2=" ">
    <subfield code="a">1a ed</subfield>
  </datafield>
  <datafield tag="260" ind1=" " ind2=" ">
    <subfield code="a">Santaf&#xE9; de Bogota : </subfield>
    <subfield code="b">Instituto Caro y Cuervo, </subfield>
    <subfield code="c">1991</subfield>
  </datafield>
  <datafield tag="300" ind1=" " ind2=" ">
    <subfield code="a">2 v. :</subfield>
    <subfield code="b">il. ;</subfield>
    <subfield code="c">25 cm.</subfield>
  </datafield>
  <datafield tag="504" ind1=" " ind2=" ">
    <subfield code="a">Incluye referencias bibliograficas e &#xED;ndice </subfield>
  </datafield>
  <datafield tag="650" ind1=" " ind2="4">
    <subfield code="a">Espa&#xF1;ol </subfield>
    <subfield code="z">Am&#xE9;rica </subfield>
    <subfield code="v">Congresos </subfield>
  </datafield>
  <datafield tag="710" ind1="2" ind2=" ">
    <subfield code="a">Instituto Caro y Cuervo </subfield>
  </datafield>
  <datafield tag="942" ind1=" " ind2=" ">
    <subfield code="2">lcc</subfield>
    <subfield code="c">LIB</subfield>
  </datafield>
  <datafield tag="999" ind1=" " ind2=" ">
    <subfield code="c">77607</subfield>
    <subfield code="d">77607</subfield>
  </datafield>
  <datafield tag="952" ind1=" " ind2=" ">
    <subfield code="1">0</subfield>
    <subfield code="2">lcc</subfield>
    <subfield code="4">0</subfield>
    <subfield code="7">0</subfield>
    <subfield code="a">LIC-046</subfield>
    <subfield code="b">LIC-046</subfield>
    <subfield code="c">GENERAL</subfield>
    <subfield code="d">2014-08-28</subfield>
    <subfield code="e">Rec. Esc.</subfield>
    <subfield code="h">LLH000004982</subfield>
    <subfield code="k">Educaci&#xF3;n y humanidades</subfield>
    <subfield code="o">PC4821 E85 1991 V.I</subfield>
    <subfield code="p">LLH000004982</subfield>
    <subfield code="r">2015-01-16 00:00:00</subfield>
    <subfield code="t">V.I C:1</subfield>
    <subfield code="y">LIB</subfield>
    <subfield code="z">General</subfield>
  </datafield>
  <datafield tag="952" ind1=" " ind2=" ">
    <subfield code="1">0</subfield>
    <subfield code="2">lcc</subfield>
    <subfield code="4">0</subfield>
    <subfield code="7">0</subfield>
    <subfield code="a">LIC-046</subfield>
    <subfield code="b">LIC-046</subfield>
    <subfield code="c">GENERAL</subfield>
    <subfield code="d">2014-08-28</subfield>
    <subfield code="e">Rec. Esc. </subfield>
    <subfield code="h">LLH000004983</subfield>
    <subfield code="k">Educaci&#xF3;n y humanidades</subfield>
    <subfield code="o">PC4821 E85 1991 V.II</subfield>
    <subfield code="p">LLH000004983</subfield>
    <subfield code="r">2015-01-16 00:00:00</subfield>
    <subfield code="t">V.II C:1</subfield>
    <subfield code="y">LIB</subfield>
    <subfield code="z">General</subfield>
  </datafield>
</record>
